|
|
|
|
| LEADER |
01316nom a2200373 u 4500 |
| 001 |
10091204 |
| 003 |
upatras |
| 005 |
20210421112432.0 |
| 008 |
110802s2010 eng |
| 020 |
|
|
|a 9783709103180
|
| 040 |
|
|
|a GR-PaULI
|c GR-PaULI
|
| 041 |
0 |
|
|a eng
|
| 110 |
|
0 |
|a European Space Policy Institute, Vienna, Austria
|9 94529
|
| 245 |
1 |
0 |
|a Yearbook on Space Policy 2008/2009
|h [electronic resource]
|b Setting New Trends
|
| 260 |
|
|
|a Vienna
|b Springer-Verlag / Wien
|c 2010
|
| 300 |
|
|
|b v.: digital
|
| 490 |
0 |
|
|a Yearbook on Space Policy
|x 1866-8305
|
| 650 |
|
4 |
|a Engineering
|9 17712
|
| 650 |
|
4 |
|a Αστροναυτική
|9 68027
|
| 650 |
|
4 |
|a Political science
|9 19625
|
| 650 |
|
4 |
|a Engineering
|9 17712
|
| 650 |
|
4 |
|a Aerospace Technology and Astronautics
|9 93849
|
| 650 |
|
4 |
|a Political Science
|9 64786
|
| 700 |
1 |
|
|a Schrogl, Kai-Uwe
|9 95478
|
| 700 |
1 |
|
|a Rathgeber, Wolfgang
|9 95479
|
| 700 |
1 |
|
|a Baranes, Blandina
|9 95480
|
| 700 |
1 |
|
|a Venet, Christophe
|9 95481
|
| 710 |
2 |
|
|a SpringerLink (Online service)
|9 68735
|
| 760 |
1 |
|
|a Yearbook on Space Policy
|x 1866-8305
|
| 852 |
|
|
|a GR-PaULI
|b ΠΑΤΡΑ
|b ΒΚΠ
|
| 856 |
4 |
0 |
|u http://dx.doi.org/10.1007/978-3-7091-0318-0
|
| 942 |
|
|
|2 ddc
|
| 952 |
|
|
|0 0
|1 0
|4 0
|7 0
|9 99118
|a LISP
|b LISP
|d 2016-04-24
|l 0
|r 2016-04-24 00:00:00
|w 2016-04-24
|y ERS
|
| 999 |
|
|
|c 66904
|d 66904
|